[Event "Voronezh op-A 23rd"]
[Site "Voronezh"]
[Date "2019.06.13"]
[Round "2"]
[White "Krivtsov, Alexander"]
[Black "Sokolov, Ilia"]
[Result "1-0"]
[WhiteElo "2234"]
[BlackElo "2048"]
[PlyCount "47"]
[EventDate "2019.06.12"]
[EventType "swiss"]
[EventRounds "9"]
[EventCountry "RUS"]
[SourceTitle "EXT 2020"]
[Source "ChessBase"]
[SourceDate "2019.10.17"]
[SourceVersion "1"]
[SourceVersionDate "2019.10.17"]
[SourceQuality "1"]

1. e4 e6 2. d4 d5 3. Nd2 Nf6 4. e5 Nfd7 5. Bd3 c5 6. c3 Nc6 7. Ne2 cxd4 8. cxd4 f6 9. exf6 Nxf6 10. Nf3 Bd6 11. Bf4 Qa5+ 12. Kf1 Qc7 13. g3 0-0 14. Kg2 e5 15. dxe5 Nxe5 16. Rc1 Qe7 17. Bxe5 Bxe5 18. Qb3 Bg4 19. Nxe5 Qxe5 20. Rhe1 Ne4 21. f4 Qf5 22. Nd4 Bh3+ 23. Kg1 Qf7 24. Rxe4 1-0

[Event "Voronezh op-A 23rd"]
[Site "Voronezh"]
[Date "2019.06.12"]
[Round "1"]
[White "Rios Gomez, Cristhian Camilo"]
[Black "Krivtsov, Alexander"]
[Result "1-0"]
[WhiteElo "2513"]
[BlackElo "2234"]
[PlyCount "77"]
[EventDate "2019.06.12"]
[EventType "swiss"]
[EventRounds "9"]
[EventCountry "RUS"]
[SourceTitle "EXT 2020"]
[Source "ChessBase"]
[SourceDate "2019.10.17"]
[SourceVersion "1"]
[SourceVersionDate "2019.10.17"]
[SourceQuality "1"]

1. d4 d5 2. c4 c6 3. Nf3 e6 4. Qc2 dxc4 5. Qxc4 Nf6 6. g3 b5 7. Qc2 Bb7 8. Bg2 Nbd7 9. Nc3 Be7 10. 0-0 0-0 11. Rd1 Qb6 12. a4 b4 13. a5 Qa6 14. e4 c5 15. e5 bxc3 16. exf6 Nxf6 17. bxc3 Be4 18. Qd2 cxd4 19. cxd4 Rac8 20. Ba3 Bxa3 21. Rxa3 Rc2 22. Qe1 Qb7 23. a6 Qa8 24. Rc1 Rxc1 25. Qxc1 Rb8 26. Ne1 Bxg2 27. Nxg2 Qe4 28. Rb3 Rd8 29. Qc5 Qe2 30. Ne3 Ne4 31. Qc2 Nd2 32. Qc7 Rf8 33. Rb8 Nf3+ 34. Kg2 Ne1+ 35. Kh1 g6 36. Qxa7 Qxf2 37. Rxf8+ Kxf8 38. Qb8+ Kg7 39. Qe5+ 1-0

[Event "Voronezh Region-ch"]
[Site "Voronezh"]
[Date "2018.12.01"]
[Round "9"]
[White "Krivtsov, Alexander"]
[Black "Artemov, Nikita"]
[Result "1-0"]
[WhiteElo "2267"]
[BlackElo "2008"]
[PlyCount "109"]
[EventDate "2018.11.23"]
[EventType "swiss"]
[EventRounds "9"]
[EventCountry "RUS"]
[SourceTitle "CBM 188 Extra"]
[Source "ChessBase"]
[SourceDate "2019.02.28"]
[SourceVersion "1"]
[SourceVersionDate "2019.02.28"]
[SourceQuality "1"]

1. c4 Nf6 2. Nc3 g6 3. g3 Bg7 4. Bg2 0-0 5. e3 d6 6. Nge2 e5 7. d4 Qe7 8. 0-0 e4 9. Nf4 c6 10. f3 exf3 11. Bxf3 g5 12. Nd3 Bh3 13. Re1 d5 14. cxd5 cxd5 15. Nf2 Bf5 16. Nxd5 Nxd5 17. Bxd5 Nc6 18. Bd2 Rfd8 19. Bg2 Bg6 20. Qb3 h5 21. Rac1 Rab8 22. Bc3 g4 23. Qb5 Re8 24. Rcd1 Rbd8 25. Bxc6 bxc6 26. Qxc6 Rc8 27. Qg2 h4 28. e4 h3 29. Qf1 Qb7 30. e5 Qf3 31. Nd3 Qd5 32. Nf4 Qxa2 33. Ra1 Qb3 34. Rxa7 Qc2 35. Nxg6 Qxg6 36. Qf4 Rf8 37. Qe4 f5 38. Qd3 Qb6 39. Qa6 Qd8 40. Qe6+ Kh7 41. Qe7 Qxe7 42. Rxe7 f4 43. gxf4 Rxf4 44. d5 Kg6 45. Re6+ Kh5 46. d6 Rf3 47. Re7 Bh6 48. d7 Rcf8 49. Bd4 g3 50. hxg3 Rxg3+ 51. Kh1 Rff3 52. Re8 Rf1+ 53. Bg1 Be3 54. Rh8+ Kg4 55. Rg8+ 1-0

[Event "Voronezh Region-ch"]
[Site "Voronezh"]
[Date "2018.11.30"]
[Round "8"]
[White "Sobina, Pavel"]
[Black "Krivtsov, Alexander"]
[Result "1-0"]
[WhiteElo "2128"]
[BlackElo "2267"]
[PlyCount "103"]
[EventDate "2018.11.23"]
[EventType "swiss"]
[EventRounds "9"]
[EventCountry "RUS"]
[SourceTitle "CBM 188 Extra"]
[Source "ChessBase"]
[SourceDate "2019.02.28"]
[SourceVersion "1"]
[SourceVersionDate "2019.02.28"]
[SourceQuality "1"]

1. e4 e6 2. d4 d5 3. Nc3 Bb4 4. e5 c5 5. a3 Bxc3+ 6. bxc3 Ne7 7. Qg4 0-0 8. Nf3 c4 9. h4 Nf5 10. h5 Qa5 11. Bd2 h6 12. Qf4 f6 13. g4 fxe5 14. Nxe5 Nd6 15. Qe3 Nc6 16. Ng6 Re8 17. f4 Qa4 18. Rc1 Qxa3 19. Bg2 Bd7 20. 0-0 Qa5 21. Ra1 Qd8 22. Qg3 Nf7 23. g5 Ne7 24. Bh3 Nf5 25. Qg2 a5 26. Kh2 b5 27. Rg1 hxg5 28. fxg5 b4 29. h6 bxc3 30. Bxc3 Qc7+ 31. Kh1 Ra6 32. Qf3 Kh7 33. Nf4 g6 34. Nh5 Rd8 35. Nf6+ Kh8 36. Rae1 a4 37. Bxf5 exf5 38. Bb4 Be6 39. Rg2 Rb8 40. Bd2 a3 41. Bf4 Qb7 42. Bxb8 a2 43. Bf4 a1Q 44. Rxa1 Rxa1+ 45. Kh2 Qb1 46. Qe3 Qh1+ 47. Kg3 Qe1+ 48. Qxe1 Rxe1 49. c3 Ra1 50. Rb2 Ra8 51. Rb7 Rc8 52. Re7 1-0

[Event "Voronezh Region-ch"]
[Site "Voronezh"]
[Date "2018.11.24"]
[Round "2"]
[White "Polyansky, Viktor"]
[Black "Krivtsov, Alexander"]
[Result "0-1"]
[WhiteElo "1871"]
[BlackElo "2267"]
[PlyCount "34"]
[EventDate "2018.11.23"]
[EventType "swiss"]
[EventRounds "9"]
[EventCountry "RUS"]
[SourceTitle "CBM 188 Extra"]
[Source "ChessBase"]
[SourceDate "2019.02.28"]
[SourceVersion "1"]
[SourceVersionDate "2019.02.28"]
[SourceQuality "1"]

1. e4 e6 2. d4 d5 3. Nd2 Nf6 4. e5 Nfd7 5. f4 c5 6. c3 Nc6 7. Bb5 cxd4 8. Bxc6 bxc6 9. cxd4 c5 10. Ngf3 Ba6 11. Nb3 Qb6 12. Be3 c4 13. Nbd2 Qxb2 14. Kf2 Rc8 15. Rb1 Qa3 16. Qc2 c3 17. Rb3 cxd2 0-1

[Event "Voronezh op-A 22nd"]
[Site "Voronezh"]
[Date "2018.06.20"]
[Round "8"]
[White "Krivtsov, Alexander"]
[Black "Bryakin, Mikhail"]
[Result "0-1"]
[WhiteElo "2232"]
[BlackElo "2407"]
[PlyCount "66"]
[EventDate "2018.06.12"]
[EventType "swiss"]
[EventRounds "9"]
[EventCountry "RUS"]
[SourceTitle "CBM 185 Extra"]
[Source "ChessBase"]
[SourceDate "2018.07.29"]
[SourceVersion "1"]
[SourceVersionDate "2018.07.29"]
[SourceQuality "1"]

1. e4 c5 2. Nf3 Nc6 3. d4 cxd4 4. Nxd4 Nf6 5. Nc3 e5 6. Ndb5 d6 7. Bg5 a6 8. Na3 b5 9. Nd5 Be7 10. Bxf6 Bxf6 11. Nxf6+ Qxf6 12. Qd5 Bb7 13. Rd1 Rd8 14. Bxb5 axb5 15. Nxb5 0-0 16. 0-0 Ba8 17. Qd2 Ne7 18. Rfe1 d5 19. c4 d4 20. b4 Qc6 21. Qd3 Ng6 22. g3 f5 23. f3 fxe4 24. fxe4 Qf6 25. Rf1 Qc6 26. Rfe1 Ne7 27. c5 Nf5 28. Rd2 Ne3 29. Nd6 h5 30. Qb3+ Kh7 31. Qe6 Rxd6 32. Qxe5 Rdf6 33. Qxh5+ Kg8 0-1

[Event "Voronezh op-A 22nd"]
[Site "Voronezh"]
[Date "2018.06.12"]
[Round "1"]
[White "Krivtsov, Alexander"]
[Black "Khanin, Semen"]
[Result "1/2-1/2"]
[WhiteElo "2232"]
[BlackElo "2485"]
[PlyCount "81"]
[EventDate "2018.06.12"]
[EventType "swiss"]
[EventRounds "9"]
[EventCountry "RUS"]
[SourceTitle "CBM 185 Extra"]
[Source "ChessBase"]
[SourceDate "2018.07.29"]
[SourceVersion "1"]
[SourceVersionDate "2018.07.29"]
[SourceQuality "1"]

1. c4 Nf6 2. g3 e5 3. Bg2 c6 4. Nc3 d5 5. cxd5 cxd5 6. d4 exd4 7. Qxd4 Nc6 8. Qd1 d4 9. Ne4 Bb4+ 10. Bd2 0-0 11. Nxf6+ Qxf6 12. Nf3 d3 13. 0-0 dxe2 14. Qxe2 Qxb2 15. Rfb1 Qf6 16. Bxb4 Nxb4 17. Qb2 Qxb2 18. Rxb2 Nc6 19. Rc1 Re8 20. h4 Re7 21. Ng5 Bg4 22. Bd5 Rf8 23. Nxf7 Rexf7 24. Rxb7 Bf3 25. Rxf7 Bxd5 26. Rxf8+ Kxf8 27. Rc5 Ne7 28. Ra5 Kf7 29. Rxa7 Ke6 30. a4 h5 31. Kh2 g6 32. Kh3 Bf3 33. a5 Kd6 34. Ra6+ Nc6 35. Rb6 Kc5 36. Rb7 Nxa5 37. Rg7 Bg4+ 38. Kg2 Bf5 39. f3 Nc4 40. g4 hxg4 41. fxg4 1/2-1/2

[Event "Voronezh op-A 21st"]
[Site "Voronezh"]
[Date "2017.06.20"]
[Round "8"]
[White "Tsoi, Dmitry"]
[Black "Krivtsov, Alexander"]
[Result "1-0"]
[WhiteElo "2326"]
[BlackElo "2240"]
[PlyCount "173"]
[EventDate "2017.06.12"]
[EventType "swiss"]
[EventRounds "9"]
[EventCountry "RUS"]
[SourceTitle "EXT 2018"]
[Source "ChessBase"]
[SourceDate "2017.10.13"]
[SourceVersion "1"]
[SourceVersionDate "2017.10.13"]
[SourceQuality "1"]

1. e4 e6 2. d4 d5 3. Nc3 Bb4 4. e5 c5 5. Bd2 Ne7 6. Nb5 Bxd2+ 7. Qxd2 0-0 8. dxc5 Nd7 9. Qc3 f6 10. exf6 Nxf6 11. Bd3 Bd7 12. a4 a6 13. Nd6 b6 14. a5 bxc5 15. Qxc5 e5 16. Ra3 e4 17. Be2 Bc6 18. Nf5 Nxf5 19. Qxc6 Qe7 20. Rc3 d4 21. Rc5 Nh4 22. g3 Nf3+ 23. Kf1 Nd2+ 24. Kg2 d3 25. cxd3 exd3 26. Bxd3 Rad8 27. Rc3 Ng4 28. Nf3 Rd6 29. Qa4 Nxf3 30. Qxg4 Ne1+ 31. Rxe1 Qxe1 32. Bc4+ Kh8 33. Rf3 Rfd8 34. Rf7 Qe5 35. b4 Rd4 36. Qf3 Qe4 37. Qxe4 Rxe4 38. Bxa6 Rxb4 39. Bf1 Ra4 40. a6 h6 41. Rb7 Ra8 42. h4 R8xa6 43. Bxa6 Rxa6 44. g4 Kh7 45. Rb5 Kg6 46. Kg3 Ra3+ 47. f3 Ra6 48. Rb3 Rc6 49. f4 Ra6 50. Re3 Rb6 51. Rd3 Ra6 52. Rb3 Rc6 53. f5+ Kf6 54. Kf4 Rc4+ 55. Kf3 Rc6 56. Rb4 Rc1 57. Rb6+ Kf7 58. g5 hxg5 59. hxg5 Rf1+ 60. Ke4 Re1+ 61. Kd5 Rd1+ 62. Kc6 Rf1 63. Rb7+ Kf8 64. Rb5 Ke7 65. Ra5 Rc1+ 66. Kd5 Rd1+ 67. Ke5 Re1+ 68. Kf4 Rc1 69. Ra7+ Kf8 70. Kg4 Rc4+ 71. Kh5 Rc6 72. Ra8+ Kf7 73. Rb8 Rc7 74. g6+ Ke7 75. Rg8 Kf6 76. Rf8+ Ke5 77. f6 gxf6 78. Kh6 Rc1 79. g7 Rh1+ 80. Kg6 Rg1+ 81. Kf7 f5 82. g8Q Rxg8 83. Rxg8 f4 84. Kg7 Ke4 85. Kg6 Ke3 86. Kg5 Kf3 87. Rf8 1-0

[Event "Voronezh op-B 19th"]
[Site "Voronezh"]
[Date "2015.06.15"]
[Round "4"]
[White "Krivtsov, Alexander"]
[Black "Tatarintsev, Egor"]
[Result "1-0"]
[WhiteElo "1992"]
[BlackElo "1769"]
[PlyCount "57"]
[EventDate "2015.06.12"]
[EventType "swiss"]
[EventRounds "9"]
[EventCountry "RUS"]
[SourceTitle "CBM 167 Extra"]
[Source "ChessBase"]
[SourceDate "2015.09.14"]
[SourceVersion "1"]
[SourceVersionDate "2015.09.14"]
[SourceQuality "1"]

1. c4 b6 2. Nc3 Bb7 3. b3 e6 4. Bb2 f5 5. e3 Nf6 6. Nf3 Be7 7. d4 Ne4 8. Bd3 Nxc3 9. Bxc3 0-0 10. 0-0 Bf6 11. Nd2 d6 12. b4 Qd7 13. a4 c5 14. a5 cxb4 15. Bxb4 Bd8 16. axb6 Bxb6 17. Nb3 Nc6 18. Ba3 Rfd8 19. c5 dxc5 20. Bxc5 Rac8 21. Bb5 Qc7 22. Ba3 Qf7 23. Nc5 Nxd4 24. exd4 Rxc5 25. Bxc5 Bxc5 26. dxc5 Rxd1 27. Rfxd1 Qf8 28. c6 Ba8 29. c7 1-0

[Event "Voronezh-ch op2"]
[Site "Voronezh"]
[Date "2015.04.07"]
[Round "5"]
[White "Krivtsov, Alexander"]
[Black "Lazarev, Alexandr"]
[Result "0-1"]
[WhiteElo "1953"]
[BlackElo "1804"]
[PlyCount "124"]
[EventDate "2015.04.02"]
[EventType "swiss"]
[EventRounds "9"]
[EventCountry "RUS"]
[SourceTitle "EXT 2017"]
[Source "ChessBase"]
[SourceDate "2016.10.25"]
[SourceVersion "1"]
[SourceVersionDate "2016.10.25"]
[SourceQuality "1"]

1. c4 c6 2. Nc3 d5 3. d4 Nf6 4. Nf3 e6 5. Bg5 Nbd7 6. c5 Qa5 7. Bd2 Qc7 8. e3 e5 9. dxe5 Nxe5 10. Nxe5 Qxe5 11. b4 a5 12. a3 d4 13. Na4 dxe3 14. Bxe3 axb4 15. axb4 Nd5 16. Qd4 Qxd4 17. Bxd4 Nxb4 18. Kd2 Be6 19. Be2 Rd8 20. Kc3 Rxd4 21. Kxd4 Nc2+ 22. Kc3 Nxa1 23. Rxa1 Be7 24. Rb1 Bc8 25. Rd1 0-0 26. Kb4 Rd8 27. Nb6 Be6 28. Rxd8+ Bxd8 29. Bf3 Kf8 30. Nc4 Be7 31. h3 Ke8 32. Nb6 Bd8 33. Na4 Kd7 34. Bg4 f5 35. Be2 Bd5 36. f3 f4 37. Bd3 g6 38. Bc4 Ke6 39. Nc3 Ke5 40. Ne2 g5 41. Nc3 Ba5+ 42. Kxa5 Bxc4 43. Kb6 Kd4 44. Ne4 h6 45. Kxb7 Bf1 46. Kxc6 Bxg2 47. Nf2 Bxf3+ 48. Kd6 h5 49. c6 Ke3 50. c7 Bb7 51. Nd1+ Kd2 52. Nf2 Bc8 53. Ke5 Ke2 54. Ne4 f3 55. Ng3+ Ke3 56. Nxh5 f2 57. Ng3 Kf3 58. Nf1 Kg2 59. Ne3+ Kxh3 60. Ke4 g4 61. Nf1 g3 62. Ke3 Kg2 0-1

[Event "Voronezh-ch op2"]
[Site "Voronezh"]
[Date "2015.04.06"]
[Round "4"]
[White "Filippov, Vladimir Mikhailovi"]
[Black "Krivtsov, Alexander"]
[Result "1-0"]
[WhiteElo "1929"]
[BlackElo "1953"]
[PlyCount "55"]
[EventDate "2015.04.02"]
[EventType "swiss"]
[EventRounds "9"]
[EventCountry "RUS"]
[SourceTitle "EXT 2017"]
[Source "ChessBase"]
[SourceDate "2016.10.25"]
[SourceVersion "1"]
[SourceVersionDate "2016.10.25"]
[SourceQuality "1"]

1. Nf3 f5 2. d4 Nf6 3. g3 g6 4. Bg2 Bg7 5. 0-0 0-0 6. Nbd2 d6 7. c3 c6 8. Re1 Qc7 9. e4 fxe4 10. Nxe4 Nxe4 11. Rxe4 Bf5 12. Rh4 Bf6 13. Bg5 Nd7 14. Qd2 Rae8 15. Re1 d5 16. Bh3 Be4 17. Be6+ Kh8 18. Rf4 Qd6 19. Bh3 Nb6 20. Bh6 Nc4 21. Qc1 Rg8 22. Ng5 Bxg5 23. Bxg5 Ref8 24. Bf1 Rxf4 25. Bxf4 e5 26. dxe5 Nxe5 27. Bxe5+ Qxe5 28. f3 1-0

[Event "Voronezh op-B 18th"]
[Site "Voronezh"]
[Date "2014.06.17"]
[Round "6"]
[White "Krivtsov, Alexander"]
[Black "Alkaev, Ruslan"]
[Result "0-1"]
[WhiteElo "1910"]
[BlackElo "1983"]
[PlyCount "60"]
[EventDate "2014.06.12"]
[EventType "swiss"]
[EventRounds "9"]
[EventCountry "RUS"]
[SourceTitle "EXT 2015"]
[Source "ChessBase"]
[SourceDate "2014.11.20"]
[SourceVersion "1"]
[SourceVersionDate "2014.11.20"]
[SourceQuality "1"]

1. c4 c5 2. Nc3 Nc6 3. g3 g6 4. Bg2 Bg7 5. e3 e6 6. Nge2 Nge7 7. 0-0 0-0 8. d4 cxd4 9. exd4 d5 10. cxd5 Nxd5 11. Nxd5 exd5 12. Be3 Bg4 13. f3 Bf5 14. g4 Be6 15. Qb3 Na5 16. Qd3 Qb6 17. h3 Rfe8 18. b3 Bd7 19. Rad1 Bb5 20. Qd2 Rxe3 21. Qxe3 Re8 22. Qxe8+ Bxe8 23. f4 Bb5 24. Rfe1 Bxe2 25. Rxe2 Qd6 26. Re8+ Bf8 27. Re5 Nc6 28. Rxd5 Qxf4 29. Rd7 Nxd4 30. Rd8 Nf3+ 0-1

[Event "Voronezh op-B 18th"]
[Site "Voronezh"]
[Date "2014.06.14"]
[Round "3"]
[White "Gorozhankin, Vadim"]
[Black "Krivtsov, Alexander"]
[Result "0-1"]
[WhiteElo "1732"]
[BlackElo "1910"]
[PlyCount "70"]
[EventDate "2014.06.12"]
[EventType "swiss"]
[EventRounds "9"]
[EventCountry "RUS"]
[SourceTitle "EXT 2015"]
[Source "ChessBase"]
[SourceDate "2014.11.20"]
[SourceVersion "1"]
[SourceVersionDate "2014.11.20"]
[SourceQuality "1"]

1. d4 d5 2. Nf3 c6 3. c4 e6 4. Nc3 dxc4 5. a4 Bb4 6. e3 Bxc3+ 7. bxc3 b5 8. Ba3 Nd7 9. Be2 Ne7 10. 0-0 0-0 11. Qc2 Re8 12. e4 Nb6 13. a5 Nd7 14. Rfd1 Ba6 15. Bb4 Bb7 16. Rd2 Qc7 17. Bxe7 Rxe7 18. Bf1 Nf6 19. e5 Nd7 20. Ng5 g6 21. f4 c5 22. Kh1 cxd4 23. Rxd4 Bd5 24. Qf2 h6 25. Ne4 Bxe4 26. Rxe4 Nc5 27. Re3 Rd7 28. Qh4 Kg7 29. Qf6+ Kh7 30. g4 Qd8 31. Rh3 Qxf6 32. exf6 Ne4 33. Kg1 Nxf6 34. g5 Nh5 35. gxh6 Nxf4 0-1

[Event "Voronezh op-B 18th"]
[Site "Voronezh"]
[Date "2014.06.13"]
[Round "2"]
[White "Krivtsov, Alexander"]
[Black "Belov, Yury"]
[Result "1/2-1/2"]
[WhiteElo "1910"]
[BlackElo "1707"]
[PlyCount "109"]
[EventDate "2014.06.12"]
[EventType "swiss"]
[EventRounds "9"]
[EventCountry "RUS"]
[SourceTitle "EXT 2015"]
[Source "ChessBase"]
[SourceDate "2014.11.20"]
[SourceVersion "1"]
[SourceVersionDate "2014.11.20"]
[SourceQuality "1"]

1. c4 f5 2. Nc3 e6 3. g3 Nf6 4. Bg2 Nc6 5. Nf3 b6 6. 0-0 Bb7 7. d4 Bb4 8. Qd3 0-0 9. Bf4 Bxc3 10. Qxc3 d6 11. Rad1 Qe8 12. d5 Nd8 13. Nd2 e5 14. Bg5 Qh5 15. Bxf6 Rxf6 16. b4 Nf7 17. Nf3 Rh6 18. Nh4 Re8 19. e4 Bc8 20. Qf3 fxe4 21. Qxh5 Rxh5 22. Bxe4 Ng5 23. f3 Rf8 24. Rde1 Bh3 25. Rf2 Bd7 26. Rc2 Nh3+ 27. Kh1 g5 28. Ng2 g4 29. Rf1 gxf3 30. Rxf3 Rxf3 31. Bxf3 Rf5 32. Nh4 Rf6 33. c5 Ng5 34. Bg2 dxc5 35. bxc5 e4 36. c6 Bg4 37. h3 Nxh3 38. Bxh3 Bxh3 39. Re2 Rd6 40. Rxe4 Rxd5 41. Re7 a5 42. Rxc7 Rc5 43. Nf3 Be6 44. Nd4 Bxa2 45. Rc8+ Kg7 46. c7 Bd5+ 47. Kg1 Rc1+ 48. Kf2 Kf7 49. Nb5 Ke7 50. Rb8 Be6 51. Rxb6 Bd7 52. Rb7 Bc8 53. Ra7 Kd7 54. Nd4 Rxc7 55. Rxa5 1/2-1/2

[Event "Voronezh op-B 18th"]
[Site "Voronezh"]
[Date "2014.06.12"]
[Round "1"]
[White "Kiselev, Maxim"]
[Black "Krivtsov, Alexander"]
[Result "1-0"]
[WhiteElo "2154"]
[BlackElo "1910"]
[PlyCount "66"]
[EventDate "2014.06.12"]
[EventType "swiss"]
[EventRounds "9"]
[EventCountry "RUS"]
[SourceTitle "EXT 2015"]
[Source "ChessBase"]
[SourceDate "2014.11.20"]
[SourceVersion "1"]
[SourceVersionDate "2014.11.20"]
[SourceQuality "1"]

1. d4 d5 2. Nf3 c6 3. c4 e6 4. Nc3 dxc4 5. a4 Bb4 6. e3 b5 7. Bd2 a5 8. axb5 Bxc3 9. Bxc3 cxb5 10. Qd2 Nc6 11. d5 exd5 12. Bxg7 Nf6 13. Bxh8 Ne4 14. Qd1 a4 15. Be2 Qa5+ 16. Kf1 Be6 17. Nd4 Nxd4 18. Bxd4 Nd2+ 19. Kg1 Nb3 20. f3 b4 21. Ra2 Nxd4 22. Qxd4 b3 23. Ra1 c3 24. Kf2 c2 25. Bb5+ Qxb5 26. Qh8+ Ke7 27. Qxa8 Qd3 28. Qa7+ Kd6 29. Qb6+ Ke7 30. Qd4 Qxd4 31. exd4 Bd7 32. Ke3 Kd6 33. Kd2 Bc8 1-0

[Event "Voronezh Rating op 03-B"]
[Site "Voronezh"]
[Date "2014.03.25"]
[Round "4"]
[White "Shabunin, Danil"]
[Black "Krivtsov, Alexander"]
[Result "0-1"]
[WhiteElo "1781"]
[BlackElo "1944"]
[PlyCount "92"]
[EventDate "2014.03.20"]
[EventType "swiss"]
[EventRounds "9"]
[EventCountry "RUS"]
[SourceTitle "EXT 2015"]
[Source "ChessBase"]
[SourceDate "2014.11.20"]
[SourceVersion "1"]
[SourceVersionDate "2014.11.20"]
[SourceQuality "1"]

1. e4 e6 2. d4 d5 3. e5 c5 4. c3 Nc6 5. Nf3 Qb6 6. Bd3 Bd7 7. dxc5 Bxc5 8. b4 Bxf2+ 9. Kf1 Be3 10. Na3 Bxc1 11. Rxc1 Nh6 12. Nb5 Ng4 13. Nd6+ Ke7 14. Qd2 Qe3 15. Qxe3 Nxe3+ 16. Ke2 Ng4 17. Nxb7 Ngxe5 18. Nxe5 Nxe5 19. Ba6 Bc8 20. a4 Nd7 21. b5 Bxb7 22. Bxb7 Rab8 23. Bc6 Ne5 24. Rhd1 Rhd8 25. Ke3 Nxc6 26. bxc6 Rbc8 27. c4 Rxc6 28. c5 e5 29. Rd2 Ke6 30. Rb2 Rd7 31. a5 d4+ 32. Kd3 Kd5 33. Rb5 e4+ 34. Kd2 Rdc7 35. a6 e3+ 36. Kd3 Rxc5 37. g4 f6 38. h4 g6 39. Rcxc5+ Rxc5 40. Rb7 Rc3+ 41. Ke2 Rc2+ 42. Kd1 Ra2 43. Rxa7 d3 44. Rd7+ Ke4 45. Re7+ Kf3 46. a7 Ra1# 0-1

[Event "Voronezh Rating op 03-A"]
[Site "Voronezh"]
[Date "2014.03.08"]
[Round "8"]
[White "Krivtsov, Alexander"]
[Black "Kostin, Alexey"]
[Result "1/2-1/2"]
[WhiteElo "1944"]
[BlackElo "2317"]
[PlyCount "94"]
[EventDate "2014.03.01"]
[EventType "swiss"]
[EventRounds "9"]
[EventCountry "RUS"]
[SourceTitle "EXT 2015"]
[Source "ChessBase"]
[SourceDate "2014.11.20"]
[SourceVersion "1"]
[SourceVersionDate "2014.11.20"]
[SourceQuality "1"]

1. c4 Nf6 2. Nc3 c5 3. g3 e6 4. Bg2 d5 5. cxd5 exd5 6. e3 d4 7. Ne4 Nc6 8. d3 Bf5 9. Nxf6+ Qxf6 10. e4 Be6 11. f4 h5 12. f5 Bd7 13. Nf3 Nb4 14. 0-0 h4 15. Bf4 hxg3 16. hxg3 Qa6 17. Ne5 Bd6 18. Nxd7 Bxf4 19. Rxf4 Kxd7 20. Qb3 Raf8 21. Rf3 Kc7 22. Rc1 Qb6 23. Qc4 Nc6 24. Rf2 Ne5 25. Qxd4 Ng4 26. Rfc2 Kb8 27. Qxc5 Rd8 28. Qxb6 axb6 29. Rd2 Rd4 30. Rc4 Rd6 31. d4 Rhd8 32. d5 Re8 33. Rcd4 Rc8 34. Bf3 Rc1+ 35. Rd1 Ne5 36. Kf2 Rc8 37. Ke3 Nc4+ 38. Kf4 f6 39. Rc1 b5 40. b3 Ne5 41. Rxc8+ Kxc8 42. Rd2 Kc7 43. Rc2+ Kb6 44. Be2 Rd8 45. a4 bxa4 46. bxa4 Rh8 47. Ra2 Kc5 1/2-1/2

[Event "Voronezh Rating op 03-A"]
[Site "Voronezh"]
[Date "2014.03.07"]
[Round "7"]
[White "Koshelev, Vladimir"]
[Black "Krivtsov, Alexander"]
[Result "0-1"]
[WhiteElo "1886"]
[BlackElo "1944"]
[PlyCount "66"]
[EventDate "2014.03.01"]
[EventType "swiss"]
[EventRounds "9"]
[EventCountry "RUS"]
[SourceTitle "EXT 2015"]
[Source "ChessBase"]
[SourceDate "2014.11.20"]
[SourceVersion "1"]
[SourceVersionDate "2014.11.20"]
[SourceQuality "1"]

1. d4 Nf6 2. Nf3 e6 3. g3 d5 4. Bg2 c5 5. 0-0 Nc6 6. c3 cxd4 7. Nxd4 Be7 8. a4 e5 9. Nxc6 bxc6 10. c4 0-0 11. Qc2 Ba6 12. b3 Qb6 13. a5 Qb7 14. Nd2 Rac8 15. Ba3 Bxa3 16. Rxa3 Qe7 17. Rfa1 Rfd8 18. e3 Qe6 19. Re1 Ne8 20. Ra4 Nd6 21. c5 Nb5 22. Rh4 g6 23. Bh3 f5 24. Nf3 Rc7 25. Qb2 d4 26. exd4 Qd5 27. Bg2 e4 28. Bf1 Nxd4 29. Bxa6 Nxf3+ 30. Kh1 Qd4 31. Bc4+ Kg7 32. Qc1 Nxh4 33. Qf4 Nf3 0-1

[Event "Voronezh Rating op 03-A"]
[Site "Voronezh"]
[Date "2014.03.04"]
[Round "4"]
[White "Krivtsov, Alexander"]
[Black "Kozlov, Sergej A"]
[Result "0-1"]
[WhiteElo "1944"]
[BlackElo "1905"]
[PlyCount "68"]
[EventDate "2014.03.01"]
[EventType "swiss"]
[EventRounds "9"]
[EventCountry "RUS"]
[SourceTitle "EXT 2015"]
[Source "ChessBase"]
[SourceDate "2014.11.20"]
[SourceVersion "1"]
[SourceVersionDate "2014.11.20"]
[SourceQuality "1"]

1. c4 e6 2. d4 d5 3. Nc3 Nf6 4. Bg5 Be7 5. e3 0-0 6. Nf3 a6 7. c5 b6 8. b4 a5 9. a3 h6 10. Bh4 Ne4 11. Bxe7 Qxe7 12. Nxe4 dxe4 13. Nd2 Bb7 14. Bc4 e5 15. 0-0 exd4 16. exd4 e3 17. Nf3 axb4 18. Ne5 Qg5 19. c6 Bxc6 20. Nxc6 Nxc6 21. axb4 Rxa1 22. Qxa1 Nxb4 23. fxe3 Qxe3+ 24. Kh1 Nc6 25. d5 Na5 26. Ba2 Nb3 27. Qd1 Nc5 28. Bb1 Ne4 29. Qc2 Re8 30. Ba2 Re5 31. g3 Nd2 32. Bb1 Nxf1 33. Qh7+ Kf8 34. Qh8+ Ke7 0-1

[Event "Voronezh op-B 17th"]
[Site "Voronezh"]
[Date "2013.06.20"]
[Round "9"]
[White "Krivtsov, Alexander"]
[Black "Stepanischev, Anton"]
[Result "1/2-1/2"]
[WhiteElo "1944"]
[BlackElo "1910"]
[PlyCount "68"]
[EventDate "2013.06.12"]
[EventType "swiss"]
[EventRounds "9"]
[EventCountry "RUS"]
[SourceTitle "EXT 2014"]
[Source "ChessBase"]
[SourceDate "2013.11.20"]
[SourceVersion "1"]
[SourceVersionDate "2013.11.20"]
[SourceQuality "1"]

1. c4 g6 2. Nc3 Bg7 3. g3 d6 4. Bg2 e5 5. e3 Nc6 6. Nge2 Be6 7. b3 Nge7 8. 0-0 d5 9. cxd5 Nxd5 10. Bb2 0-0 11. Ne4 b6 12. d4 f5 13. N4c3 e4 14. Nxd5 Bxd5 15. Ba3 Rf7 16. Nf4 a5 17. Qc2 Nb4 18. Bxb4 axb4 19. Nxd5 Qxd5 20. f3 Re7 21. fxe4 fxe4 22. Rf4 Bxd4 23. Rxe4 Rxe4 24. Bxe4 Bxe3+ 25. Kg2 Qd4 26. Bxa8 Qxa1 27. Bd5+ Kg7 28. Qxc7+ Kh6 29. Qe7 Qg1+ 30. Kf3 Qd1+ 31. Ke4 Qd4+ 32. Kf3 Qd1+ 33. Ke4 Qd4+ 34. Kf3 Qd1+ 1/2-1/2